02080nam a2200169 4500008001200000020001800012082001700030100003100047110004400078245011500122260003700237300002300274505140000297650009201697999001501789952010601804701.17 K19e a9789876297301 a701.17bK19e aKatzenstein, Inés 91361 aIglesias, Claudio (compilación)97195 a¿Es el arte un misterio o un ministerio?bel arte contemporáneo frente a los desafíos del profesionalismo aArgentinabSiglo veintiunoc2017 a240 p.c21 x 14 cm tIntroducciónrInés Katzenstein y Claudio IglesiastMisteriotPor qué todo arte es teatral: un nuevo comienzo con Michael FriedrGraham HarmantMinisteriotEl arte debe ser un actor estatalrSuhail Malik tFiguras de artistatPolítica, enseñanza del arte y mercado global en el campo de las artes visuales en Chile rGuillermo MachucatFederico Klemm. Etapas del artista entretainerrClaudio IglesiastJorge Gumier Maier: un curador central, a contrapelo de la historia rInés Katzenstein tTensiones entre posiciones estéticas, instituciones y mercado a través de la trayectoria de Robert Jacoby rLucas Rubinich tAlbum: Selecciones 2015 rSarah DemeusetNostalgia CríticatLa ilusión perenne de principios vulnerables: ¿agente de servicio o potencia de redención?rGuillermo Santamarina tPerú: cultura es lo que te hacen rRodrigo Quijano tEscritos contraproductivosrOsvaldo Baigorria tSupersticiones críticas rGraciela Speranza tPequeña conferencia por el dinerorLuciana Acuña y Alejo Moguilansky tVisiones y UtopíastIdiosincracia contra el algoritmo rChus MartíneztNo saber rJoe Scanlan t"Las odio más que a los leprosos y voy a matarlas en sus coches". Contracultura y Silicon Valley ante, entre y más allá de uso y el "acceso a las herramientas"rDiedrich Diederischen tFinal tLa verdad del arte rBoris GroystAcerca de los autores  xarte contemporáneoxarte - filosofía xarte - pensamientoxarte - estética 97196 c1854d1854 00102ddc4070aLVbLVcPensamientod2019-10-02l0o701.17 K19er2019-10-02 00:00:00w2019-10-02y01